Score 0/50 Timer 05:00
1 Play Today
Clue 4-Letter Word % Correct
• What a hockey goalie wants to stop •• PUCK •
97.9%
• 'Mighty' member of the Anaheim NHL squad •• DUCK •
93.4%
• NHL venue: an ice ___• RINK •
93.3%
Period just before darkDUSK
90.3%
Flirtatious flash of the eyeWINK
88.9%
Board game of world conquestRISK
87.8%
U.F.O. shapeDISK
86.7%
US coin for one-tenth of a dollarDIME
85.9%
• Shoot off target •• MISS •
82.6%
• Where you want to get the [first rung] in order to score •• GOAL •
82.1%
• Word paired with 'left', 'right' or 'Red' in hockey •• WING •
81.8%
Knox or Lauderdale, e.g.FORT
81.6%
• Move the [first rung] to a teammate •• PASS •
80.3%
Corner chess pieceROOK
79.5%
Less than the whole of somethingPART
79.4%
• 5 hockey players and 1 goaltender •• TEAM •
79.4%
A harborPORT
79.4%
• A +1 or more player advantage: Power ___• PLAY •
79.1%
Component of E=mc²MASS
79.1%
'Back to the Future' destinationPAST
78.6%
• Wrist or slap, e.g.•• SHOT •
78.4%
Remain hereSTAY
78.3%
Kill, as a dragonSLAY
77.8%
Karate moveCHOP
77.5%
Carrot or turnip, e.g.ROOT
77.1%
Clue 4-Letter Word % Correct
• 'Royal' member of the LA NHL squad •• KING •
76.9%
Application to fill outFORM
76.3%
Dirty coat in a chimneySOOT
76.2%
• Restraining foul using the stick •• HOOK •
76.2%
Mustang that is newly bornFOAL
75.8%
To do some bargain-huntingSHOP
75.7%
Treat rudely, in slangDISS
74.3%
• 'Twinkly' member of the Dallas NHL squad •• STAR •
74.2%
Lowers in intensityDIMS
73.6%
It precedes 'Friday' during the Holy WeekGOOD
73.5%
Evangelist's suggestionPRAY
73%
Part of the Grim Reaper's outfitHOOD
72.9%
Champagne overflowFOAM
72.8%
Small piece of chocolateCHIP
72.7%
Provoke to actionGOAD
72.4%
Flat board for carrying thingsTRAY
70.8%
Baseball stitchingSEAM
70.4%
Cook the surface of quicklySEAR
69.7%
• Hockey forwards work together as a unit or ___• LINE •
69%
Archenemy of a 'Blood' gang memberCRIP
68.2%
• 'Slew footing' infraction •• TRIP •
67.8%
Admiral Ackbar: 'It's a ___!' TRAP
66.9%
• 'Embellishment' infraction •• DIVE •
65.1%
Non-recordedLIVE
64.4%
Biblical term used for cowsKINE
60.2%

Today's Daily Dose

Word Ladder
Silence

Get the Picture
Philly Team Facts

You're not logged in!

Compare scores with friends on all Sporcle quizzes.
OR
Log In

Sporcle TV

Today on Sporcle TV


Watch our educational content, quiz creation guides, and fun videos on Sporcle TV.

Show Comments

Extras

Top Quizzes Today


Score Distribution

Your Account Isn't Verified!

In order to create a playlist on Sporcle, you need to verify the email address you used during registration. Go to your Sporcle Settings to finish the process.

Report this User

Report this user for behavior that violates our Community Guidelines.

Details: